000 00255nam a2200121Ia 4500
100 _aMahajan/ A.K.
942 _cBK
654 _aStrength
245 _aStrength Of Materials
260 _bVrinda pub.
_aJalgaon
_c1992
300 _a246
546 _aENGLISH
999 _c33285
_d33285